000 00843nam a2200241Ia 4500
003 CO-CtgCURN
005 20250411145813.0
008 190722s9999 xx 000 0 und d
020 _a9789588392059
040 _aCO-CtgCURN
_bspa
_ccoctgcurn
082 _a342.861
_bL579
100 _aLeon, Juan Felix de
245 0 _aLecciones de ciencia constitucional /
_cJuan Felix De Leon
260 _aBogotá, Colombia :
_bAcademia Colombiana de Jurisprudencia,
_c2009
300 _a297 páginas ;
_c23 centímetros
490 _aColeccion Clasicos
521 _aAREA PROFESIONAL
590 _aPrograma de Derecho_18
650 _aDerecho constitucional
942 _cBK
_h342.861
_iL579
_2ddc
_n0
999 _c28495
_d28495